000 00779nam a2200253 a 4500
001 60852
003 BD-RjUL
005 20211209080905.0
008 170103s1987 enka 001 0 eng
020 _a0813304970 :
035 _a(BD-RjUL)60976
040 _aDLC
_cDLC
_dBD-RjUL
_beng
041 _aeng
082 _223
_a337
_bROR 1987
100 1 _aRostow, W. W.
_9181370
245 1 0 _aRich countries and poor countries :
_breflections on the past, lessons for the future /
_cW.W. Rostow
260 _aLondon :
_bWestview Press,
_c1987.
300 _axiv, 194 p. :
_bill. ;
_c24 cm.
500 _aIncludes index.
650 0 _aEconomic history.
_9172944
650 0 _aEconomic development.
_9170469
650 0 _aInternational economic relations.
_9172391
942 _2ddc
_cBK
999 _c60852
_d60852